| 000 | 00616nam a2200229 a 4500 | ||
|---|---|---|---|
| 001 | 71905 | ||
| 003 | BD-RjUL | ||
| 005 | 20211209082200.0 | ||
| 008 | 170509s1951 enka 001 0 eng | ||
| 035 | _a(BD-RjUL)72121 | ||
| 040 |
_aDLC/ICU _cICU _dBD-RjUL _beng |
||
| 041 | _aeng | ||
| 082 | 0 | 0 |
_223 _a538 _bBAM 1951 |
| 100 | 1 |
_aBates, L. F. _q(Leslie Fleetwood) _9200551 |
|
| 245 | 1 | 0 |
_aModern magnetism / _cL. F. Bates |
| 250 | _a3rd ed. | ||
| 260 |
_aCambridge : _bUniversity Press, _c1951 |
||
| 300 |
_a506 p. : _bill. ; _c21 cm. |
||
| 500 | _aIncludes index | ||
| 650 | 0 |
_aMagnetism. _9200552 |
|
| 942 |
_2ddc _cBK |
||
| 999 |
_c71905 _d71905 |
||